000 01683nam a2200289 4500
001 92
003 OSt
005 20250528074011.0
008 250124b |||||||e |||| 00| 1 eng d
040 _bpor
041 _heng
_apor
082 _a813
_bC147t
100 1 _aCaldwell, Taylor,
_d1900-1985
_9206
240 _aThe earth is the Lord´s
245 _aA terra de Deus /
_cCaldwell, Taylor ; Tradução de Silvia Távora
260 _aRio de Janeiro
_bRecord
_c1940
300 _a525 p.
520 _aPara as legiões de fãs de Taylor Caldwell, este romance fornece sua riqueza usual de detalhes históricos e personagens finamente desenhados. O livro cobre a vida inicial do grande conquistador, focando principalmente em personagens: sua mãe severa e indomável, o tio cínico e marginalizado que o educa, sua esposa manipuladora Bortei, os amigos de infância que se tornam seus generais e paladinos, e seu irmão de sangue Jamuga, que é tanto seu amigo mais querido quanto seu pior inimigo. Caldwell fornece uma justificativa considerável para a carreira espetacular de conquista posterior de Genghis Khan. O romance traça um retrato extremamente colorido e muito detalhado da vida na Ásia Central durante a Idade Média: de tribos nômades do deserto, a cidades ricas e decadentes como Samarcanda, aos impérios decadentes da China. Para os amantes da ficção histórica colorida, este livro é um verdadeiro deleite!
650 0 _aLiteratura Americana
_984
650 0 _aGuerra
_930
650 0 _aHistórico
_953
650 0 _aFatos Reais
_933
655 0 _aRomance
_923
655 0 _aFicção
_922
700 _aSilvia Távora
_eTradutor
_9207
942 _2ddc
_n0
_cBK
999 _c92
_d92